[Event "ENCI Limburg-open A"]
[Site "Maastricht"]
[Date "2010.05.22"]
[Round "3"]
[White "Ondersteijn, Niels"]
[Black "Groffen, Hans"]
[Result "1/2-1/2"]
[WhiteElo "2276"]
[BlackElo "2149"]
[PlyCount "107"]
[EventDate "2010.05.21"]
[EventType "swiss"]
[EventRounds "7"]
[EventCountry "NED"]
[Source "P.Boonen"]
[SourceDate "2010.10.01"]

1. e4 e6 2. d4 d5 3. Nc3 Nf6 4. e5 Nfd7 5. f4 c5 6. Nf3 Nc6 7. Be3 a6 8. Qd2 b5
9. dxc5 Bxc5 10. Bxc5 Nxc5 11. Qf2 Qb6 12. Bd3 b4 13. Ne2 a5 14. O-O Ba6 15.
Rfd1 Bxd3 16. cxd3 Na4 17. Rac1 Qxf2+ 18. Kxf2 Kd7 19. Rd2 h6 20. Rdc2 Rhc8 21.
g4 Ne7 22. b3 Rxc2 23. Rxc2 Nb6 24. h4 Rc8 25. Rxc8 Nbxc8 26. h5 Na7 27. Ned4
Ng8 28. f5 Ke7 29. Ke3 Kd7 30. Nh4 Ne7 31. Kf4 Nac6 32. Nxc6 Nxc6 33. f6 gxf6
34. exf6 e5+ 35. Kf5 Kd6 36. Nf3 e4 37. dxe4 dxe4 38. Nd2 Kd5 39. Nxe4 Nd4+ 40.
Kf4 Ne6+ 41. Kf3 Ke5 42. Ke3 Nf4 43. Kf3 Ne6 44. Nd2 Nd4+ 45. Ke3 Nc6 46. Nc4+
Kxf6 47. Kf4 Nd4 48. Ke4 Ne2 49. Kf3 Nc1 50. Nxa5 Nxa2 51. Nc6 Nc1 52. Nd4 Nd3
53. Ke4 Nc5+ 54. Kf3 1/2-1/2

[Event "ENCI Limburg-open A"]
[Site "Maastricht"]
[Date "2010.05.22"]
[Round "3"]
[White "Richter, Goetz"]
[Black "Schut, Han"]
[Result "1/2-1/2"]
[WhiteElo "2080"]
[BlackElo "2133"]
[PlyCount "28"]
[EventDate "2010.05.21"]
[EventType "swiss"]
[EventRounds "7"]
[EventCountry "NED"]
[Source "P.Boonen"]
[SourceDate "2010.10.01"]

1. e4 c5 2. Nf3 d6 3. d4 cxd4 4. Nxd4 Nf6 5. Nc3 a6 6. f4 e5 7. Nf3 Qc7 8. Bd3
Be7 9. O-O O-O 10. Qe2 Nc6 11. a3 Bg4 12. Qf2 exf4 13. Bxf4 Bh5 14. Rae1 Ne5
1/2-1/2

[Event "ENCI Limburg-open A"]
[Site "Maastricht"]
[Date "2010.05.22"]
[Round "3"]
[White "Roos, Adrian"]
[Black "Sprangers, Remco"]
[Result "1-0"]
[WhiteElo "2098"]
[BlackElo "2287"]
[PlyCount "151"]
[EventDate "2010.05.21"]
[EventType "swiss"]
[EventRounds "7"]
[EventCountry "NED"]
[Source "P.Boonen"]
[SourceDate "2010.10.01"]

1. e4 c5 2. Nf3 d6 3. d4 cxd4 4. Nxd4 Nf6 5. Nc3 g6 6. Be3 Bg7 7. f3 O-O 8. Qd2
Nc6 9. O-O-O d5 10. Kb1 Nxd4 11. e5 Nf5 12. exf6 exf6 13. Bc5 d4 14. Bxf8 Qxf8
15. Nb5 Bh6 16. Qa5 Ne3 17. Rxd4 Bf5 18. Na3 b6 19. Qa4 Rc8 20. Bd3 Be6 21. g4
Qc5 22. c3 f5 23. Nc2 fxg4 24. fxg4 Nxc2 25. Bxc2 Bg7 26. Rdd1 b5 27. Qa5 Bf8
28. h3 Qc6 29. Rhe1 Rb8 30. Rd8 Rxd8 31. Qxd8 Qf3 32. Qd3 Qf2 33. Rf1 Qg2 34.
Bb3 Bxb3 35. axb3 Qb7 36. b4 Qc6 37. Qf3 Qe6 38. Rd1 a6 39. Qd5 Qf6 40. Ka2 Qb6
41. Rf1 Qc7 42. Kb1 Qe7 43. g5 h5 44. gxh6 Bxh6 45. Qa8+ Bf8 46. Qxa6 Qe4+ 47.
Ka1 Qd5 48. Qa2 Qd7 49. h4 Bg7 50. Qa8+ Kh7 51. Qf3 Kg8 52. Rd1 Qa7+ 53. Kb1
Qe7 54. Qg4 Qe5 55. Rd8+ Kh7 56. Rd7 Qe1+ 57. Kc2 f5 58. Qd4 Qe2+ 59. Kb1 Qe1+
60. Ka2 Qe6+ 61. b3 Qg8 62. Kb2 Qf8 63. c4 bxc4 64. Qxg7+ Qxg7+ 65. Rxg7+ Kxg7
66. bxc4 Kf6 67. Kc3 Ke5 68. Kd3 Kf4 69. b5 Ke5 70. b6 Kd6 71. c5+ Kc6 72. Ke3
Kb7 73. Kf4 Kc6 74. h5 gxh5 75. Kxf5 Kxc5 76. b7 1-0

[Event "ENCI Limburg-open A"]
[Site "Maastricht"]
[Date "2010.05.22"]
[Round "3"]
[White "Schroer, Marcel"]
[Black "Oosterman, Maarten Jan"]
[Result "1-0"]
[WhiteElo "2105"]
[BlackElo "1978"]
[PlyCount "73"]
[EventDate "2010.05.21"]
[EventType "swiss"]
[EventRounds "7"]
[EventCountry "NED"]
[Source "P.Boonen"]
[SourceDate "2010.10.01"]

1. e4 c6 2. d4 d5 3. e5 Bf5 4. Nc3 Qb6 5. Nf3 e6 6. Be2 Nd7 7. O-O Ne7 8. b3 h6
9. Na4 Qc7 10. Bb2 g5 11. c4 Ng6 12. g3 Be7 13. Nc3 h5 14. Rc1 Qd8 15. Ne1 Bh3
16. Ng2 h4 17. Bg4 Bxg4 18. Qxg4 dxc4 19. bxc4 Nb6 20. Ne4 Qd7 21. Nxg5 Rg8 22.
Ne4 O-O-O 23. Qe2 Kb8 24. Qe3 Rg7 25. Nf4 Nxf4 26. Qxf4 Rh8 27. Rfd1 Ka8 28.
Qf3 Qd8 29. Qb3 Qg8 30. d5 Qh7 31. Qc2 hxg3 32. fxg3 Nxc4 33. dxc6 b5 34. c7
Bc5+ 35. Kh1 Rgg8 36. Nxc5 Qh5 37. Qg2+ 1-0

[Event "ENCI Limburg-open A"]
[Site "Maastricht"]
[Date "2010.05.22"]
[Round "3"]
[White "Schuh, Dirk"]
[Black "Kirkebo, Carl Peter"]
[Result "1-0"]
[WhiteElo "2344"]
[BlackElo "2159"]
[PlyCount "85"]
[EventDate "2010.05.21"]
[EventType "swiss"]
[EventRounds "7"]
[EventCountry "NED"]
[Source "P.Boonen"]
[SourceDate "2010.10.01"]

1. e4 Nf6 2. e5 Nd5 3. d4 d6 4. c4 Nb6 5. exd6 exd6 6. Nc3 Be7 7. Bd3 Nc6 8.
Nge2 O-O 9. b3 Re8 10. O-O Bg4 11. f3 Bh5 12. Be3 Nb4 13. Bb1 c6 14. Qd2 d5 15.
c5 Nd7 16. a3 Na6 17. Nf4 Bg5 18. Re1 Bxf4 19. Bxf4 Rxe1+ 20. Qxe1 Nc7 21. Bf5
Bg6 22. Bh3 Nf8 23. Be3 Qf6 24. Qd2 Nfe6 25. f4 h5 26. f5 Bxf5 27. Rf1 g6 28.
Ne2 Ng7 29. Ng3 Re8 30. Bg5 Qe6 31. Nxf5 gxf5 32. Bf4 Rc8 33. Re1 Qg6 34. Re3
h4 35. Re7 Nge6 36. Be5 Ng5 37. Qd3 Nce6 38. Bxf5 Qh6 39. h3 b6 40. Qe3 bxc5
41. Bxe6 cxd4 42. Bxd4 fxe6 43. Rg7+ 1-0

[Event "ENCI Limburg-open A"]
[Site "Maastricht"]
[Date "2010.05.22"]
[Round "3"]
[White "Schut, Lisa"]
[Black "Reymann, Cedric"]
[Result "1-0"]
[WhiteElo "2267"]
[BlackElo "2144"]
[PlyCount "146"]
[EventDate "2010.05.21"]
[EventType "swiss"]
[EventRounds "7"]
[EventCountry "NED"]
[Source "P.Boonen"]
[SourceDate "2010.10.01"]

1. e4 c5 2. Nf3 d6 3. d4 cxd4 4. Nxd4 Nf6 5. Nc3 Nc6 6. Bg5 e6 7. Qd2 Be7 8.
O-O-O O-O 9. f4 Nxd4 10. Qxd4 Qa5 11. Bc4 h6 12. Bh4 e5 13. fxe5 dxe5 14. Qd3
Bg4 15. Rdf1 Rac8 16. Bxf6 Bxf6 17. Rxf6 gxf6 18. Rf1 Be6 19. Bd5 Rxc3 20. bxc3
Bxd5 21. exd5 Rd8 22. c4 b5 23. Qg3+ Kf8 24. Rxf6 Qxa2 25. Rxh6 Qa1+ 26. Kd2
Qd4+ 27. Ke1 Qe4+ 28. Kd2 Qd4+ 29. Qd3 Qf4+ 30. Qe3 Kg7 31. Qxf4 exf4 32. Ra6
bxc4 33. d6 Kf6 34. Ke2 Ke6 35. d7+ Kxd7 36. Rxa7+ Ke6 37. Rc7 Kd5 38. Rxf7 Ke4
39. Re7+ Kd4 40. Kd2 Rh8 41. h3 Rg8 42. Re2 Rg3 43. Rf2 Ke4 44. Ke2 Re3+ 45.
Kf1 Rg3 46. Re2+ Kd4 47. Kf2 Rc3 48. Rd2+ Ke4 49. Re2+ Kf5 50. Ke1 Rg3 51. Kd2
c3+ 52. Ke1 Rg8 53. Kf2 Rg7 54. Re8 Rd7 55. Kf3 Rd2 56. Re2 Rd1 57. g4+ fxg3
58. Kxg3 Rg1+ 59. Rg2 Re1 60. Rh2 Kg5 61. Rf2 Rg1+ 62. Rg2 Rc1 63. Re2 Rg1+ 64.
Kf3 Rc1 65. Ke3 Rd1 66. Ke4 Rd2 67. Kf3 Rd4 68. Re3 Rc4 69. Ke2 Kh4 70. Kd3 Rc8
71. Kd4 Rc7 72. Rxc3 Rd7+ 73. Ke5 Rd2 1-0

[Event "ENCI Limburg-open A"]
[Site "Maastricht"]
[Date "2010.05.22"]
[Round "3"]
[White "Seirafi, Mehrdad"]
[Black "Timmermans, Ivo"]
[Result "0-1"]
[WhiteElo "2032"]
[BlackElo "2216"]
[PlyCount "50"]
[EventDate "2010.05.21"]
[EventType "swiss"]
[EventRounds "7"]
[EventCountry "NED"]
[Source "P.Boonen"]
[SourceDate "2010.10.01"]

1. e4 e6 2. b3 d5 3. Bb2 dxe4 4. Nc3 Nf6 5. Qe2 Bb4 6. O-O-O Bxc3 7. dxc3 Qe7
8. g4 Nc6 9. c4 h6 10. Bg2 Bd7 11. h4 Qc5 12. Bxe4 O-O-O 13. Nh3 Nxe4 14. Rhe1
Nf6 15. g5 hxg5 16. Nxg5 Rxh4 17. Nxf7 Re4 18. Qxe4 Nxe4 19. Nxd8 Qg5+ 20. Kb1
Nd2+ 21. Ka1 Nb4 22. Rc1 Qg6 23. Nxe6 Bxe6 24. Ba3 Nxc2+ 25. Rxc2 Qxc2 0-1

[Event "ENCI Limburg-open A"]
[Site "Maastricht"]
[Date "2010.05.22"]
[Round "3"]
[White "Shchekachev, Andrei"]
[Black "Hortensius, Lisa"]
[Result "1-0"]
[WhiteElo "2549"]
[BlackElo "2063"]
[PlyCount "79"]
[EventDate "2010.05.21"]
[EventType "swiss"]
[EventRounds "7"]
[EventCountry "NED"]
[Source "P.Boonen"]
[SourceDate "2010.10.01"]

1. Nf3 Nf6 2. c4 g6 3. Nc3 Bg7 4. e4 d6 5. d4 O-O 6. Be2 e5 7. Be3 Ng4 8. Bg5
f6 9. Bc1 f5 10. dxe5 Nxe5 11. exf5 Rxf5 12. Nd4 Rf8 13. Be3 Nbc6 14. Nxc6 Nxc6
15. Qd2 Be6 16. O-O Ne5 17. b3 Qf6 18. Nb5 Qf7 19. Rac1 a6 20. Nc3 Rad8 21. Ne4
Kh8 22. Ng5 Qe7 23. Nxe6 Qxe6 24. h3 Rf7 25. Qd5 Qxd5 26. cxd5 Re8 27. Rfd1 Bf6
28. Rd4 a5 29. Ra4 b6 30. Re4 Rfe7 31. Bb5 Rc8 32. f4 Nf7 33. Rxe7 Bxe7 34. Bd7
Rb8 35. Rxc7 Bd8 36. Ra7 Bf6 37. Ra6 Bd8 38. Bd4+ Kg8 39. Be6 Kf8 40. Ra7 1-0

[Event "ENCI Limburg-open A"]
[Site "Maastricht"]
[Date "2010.05.22"]
[Round "3"]
[White "Sinz, Bernhard"]
[Black "Kuryliw, Ray"]
[Result "1-0"]
[WhiteElo "2226"]
[BlackElo "2103"]
[PlyCount "49"]
[EventDate "2010.05.21"]
[EventType "swiss"]
[EventRounds "7"]
[EventCountry "NED"]
[Source "P.Boonen"]
[SourceDate "2010.10.01"]

1. e4 e6 2. d4 d5 3. Nc3 Bb4 4. Nge2 Nf6 5. e5 Nfd7 6. a3 Be7 7. f4 c5 8. Be3
b6 9. Qd2 Ba6 10. O-O-O Bxe2 11. Qxe2 Nc6 12. f5 cxd4 13. Bxd4 Nxd4 14. Rxd4
Qc7 15. Nb5 Qc6 16. Qg4 g6 17. fxe6 fxe6 18. Nd6+ Kd8 19. Bb5 Nxe5 20. Bxc6
Nxg4 21. Nf7+ Kc7 22. Bxa8 Rf8 23. Rxg4 Rxf7 24. Re1 Kd7 25. c4 1-0

[Event "ENCI Limburg-open A"]
[Site "Maastricht"]
[Date "2010.05.22"]
[Round "3"]
[White "Skutta, Bernd"]
[Black "Scholzen, Wolfgang"]
[Result "0-1"]
[WhiteElo "2121"]
[BlackElo "2059"]
[PlyCount "106"]
[EventDate "2010.05.21"]
[EventType "swiss"]
[EventRounds "7"]
[EventCountry "NED"]
[Source "P.Boonen"]
[SourceDate "2010.10.01"]

1. d4 d5 2. Nf3 Nf6 3. c4 e6 4. Nc3 c6 5. e3 Bd6 6. Qc2 O-O 7. Be2 Nbd7 8. O-O
dxc4 9. Bxc4 e5 10. Rd1 Qe7 11. a3 e4 12. Nd2 Nb6 13. Be2 Re8 14. Nf1 Nfd5 15.
f4 f5 16. Bd2 g5 17. g3 Qg7 18. Kh1 Re6 19. Nxd5 Nxd5 20. Bc4 Rg6 21. Bxd5+
cxd5 22. Bb4 Bxb4 23. axb4 gxf4 24. exf4 Rc6 25. Qb3 Be6 26. Ne3 Qd7 27. Ra5 b6
28. Raa1 Rac8 29. Kg1 Kf7 30. Kf2 Kf6 31. Rg1 R6c7 32. g4 Qd6 33. g5+ Kg6 34.
Kg3 h6 35. h4 hxg5 36. hxg5 Rh8 37. Rh1 Rch7 38. Rxh7 Rxh7 39. Qa4 Bd7 40. Qb3
Bc6 41. b5 Rh5 42. Ng2 Be8 43. Nh4+ Rxh4 44. Kxh4 Qxf4+ 45. Kh3 Qg4+ 46. Kh2 f4
47. Qh3 Qxh3+ 48. Kxh3 Kxg5 49. Rxa7 e3 50. Re7 Bg6 51. Kg2 Be4+ 52. Kf1 f3 53.
Rg7+ Kf6 0-1

[Event "ENCI Limburg-open A"]
[Site "Maastricht"]
[Date "2010.05.22"]
[Round "3"]
[White "Swinkels, Robin"]
[Black "Pietersma, Menno"]
[Result "1/2-1/2"]
[WhiteElo "2493"]
[BlackElo "2225"]
[PlyCount "44"]
[EventDate "2010.05.21"]
[EventType "swiss"]
[EventRounds "7"]
[EventCountry "NED"]
[Source "P.Boonen"]
[SourceDate "2010.10.01"]

1. d4 d5 2. c4 e6 3. Nf3 Be7 4. g3 Nf6 5. Bg2 c6 6. O-O Nbd7 7. Qc2 O-O 8. Nbd2
c5 9. e4 cxd4 10. exd5 d3 11. Qxd3 Nc5 12. Qc2 exd5 13. Nd4 dxc4 14. Qxc4 a5
15. N2b3 Nxb3 16. axb3 Qb6 17. h3 Bd7 18. Be3 Bc5 19. Rfd1 Rfc8 20. Qe2 Re8 21.
Qf3 Re4 22. Nc2 Bxe3 1/2-1/2

[Event "ENCI Limburg-open A"]
[Site "Maastricht"]
[Date "2010.05.22"]
[Round "3"]
[White "Ten Hagen, Yorick"]
[Black "Smith, Thijmen"]
[Result "1/2-1/2"]
[WhiteElo "2215"]
[BlackElo "2091"]
[PlyCount "60"]
[EventDate "2010.05.21"]
[EventType "swiss"]
[EventRounds "7"]
[EventCountry "NED"]
[Source "P.Boonen"]
[SourceDate "2010.10.01"]

1. d4 Nf6 2. c4 g6 3. g3 Bg7 4. Bg2 d5 5. cxd5 Nxd5 6. Nf3 O-O 7. O-O Nc6 8.
Nc3 Nb6 9. e3 Be6 10. b3 Qc8 11. Ba3 Bh3 12. Rc1 Bxg2 13. Kxg2 Rd8 14. Qc2 e5
15. dxe5 Nxe5 16. Nxe5 Bxe5 17. Qe4 Re8 18. Qf3 c6 19. Ne4 Nd5 20. Rfd1 Qd8 21.
Nd2 Nc3 22. Rxc3 Bxc3 23. Ne4 Qa5 24. Rd7 f5 25. Nxc3 Qxa3 26. Nd5 Qf8 27. Nc7
Red8 28. Rxd8 Rxd8 29. Ne6 Qd6 30. Nxd8 Qxd8 1/2-1/2

[Event "ENCI Limburg-open A"]
[Site "Maastricht"]
[Date "2010.05.22"]
[Round "3"]
[White "Van Eijk, Sander"]
[Black "Nabuurs, Mart"]
[Result "1/2-1/2"]
[WhiteElo "2353"]
[BlackElo "2161"]
[PlyCount "57"]
[EventDate "2010.05.21"]
[EventType "swiss"]
[EventRounds "7"]
[EventCountry "NED"]
[Source "P.Boonen"]
[SourceDate "2010.10.01"]

1. e4 c5 2. Nf3 d6 3. d4 cxd4 4. Nxd4 Nf6 5. Nc3 a6 6. Bc4 e6 7. O-O Be7 8. Bb3
Nc6 9. f4 O-O 10. Kh1 Qc7 11. f5 Nxd4 12. Qxd4 b5 13. a3 Rd8 14. Bg5 exf5 15.
exf5 Qc5 16. Qd3 Bb7 17. Rae1 d5 18. Ne2 Ng4 19. Bxe7 Qxe7 20. Qg3 Nf6 21. Qh4
Re8 22. Nd4 Qd6 23. c3 Re4 24. Rxe4 dxe4 25. Re1 Re8 26. Re3 Bd5 27. Bc2 a5 28.
b4 axb4 29. axb4 1/2-1/2

[Event "ENCI Limburg-open A"]
[Site "Maastricht"]
[Date "2010.05.22"]
[Round "3"]
[White "Van Gool, Henk"]
[Black "Driessens, Patrick"]
[Result "0-1"]
[WhiteElo "2161"]
[BlackElo "2357"]
[PlyCount "62"]
[EventDate "2010.05.21"]
[EventType "swiss"]
[EventRounds "7"]
[EventCountry "NED"]
[Source "P.Boonen"]
[SourceDate "2010.10.01"]

1. d4 d5 2. Nf3 Nf6 3. g3 Bf5 4. Bg2 e6 5. O-O Be7 6. c4 c6 7. Nc3 h6 8. Nd2
Nbd7 9. e4 dxe4 10. Ndxe4 Nxe4 11. Nxe4 Nf6 12. Nc3 O-O 13. h3 Qc7 14. Qe2 Rad8
15. Rd1 Rd7 16. Be3 Rfd8 17. Rac1 Qa5 18. a3 Qa6 19. Qf1 Ne8 20. Ne4 Bxe4 21.
Bxe4 Bf6 22. Bd3 Bxd4 23. c5 Qa5 24. Qe2 Nf6 25. Bxd4 Rxd4 26. Qe3 Kf8 27. f3
Qa4 28. Rd2 Qb3 29. Rc3 Qd5 30. Bc4 Rxd2 31. Bxd5 Rd1+ 0-1

[Event "ENCI Limburg-open A"]
[Site "Maastricht"]
[Date "2010.05.22"]
[Round "3"]
[White "Van Laatum, Maarten"]
[Black "Nabuurs, Joep"]
[Result "1-0"]
[WhiteElo "2042"]
[BlackElo "2218"]
[PlyCount "128"]
[EventDate "2010.05.21"]
[EventType "swiss"]
[EventRounds "7"]
[EventCountry "NED"]
[Source "P.Boonen"]
[SourceDate "2010.10.01"]

1. d4 f5 2. Qd3 d5 3. g4 g6 4. gxf5 Bxf5 5. Qb5+ Nc6 6. c3 Qd6 7. Bh3 O-O-O 8.
Bxf5+ gxf5 9. Nf3 Nf6 10. Ng5 Re8 11. Nf7 Qe6 12. Nxh8 Bg7 13. Bg5 Ne4 14. Rg1
Rxh8 15. Nd2 Nxg5 16. Rxg5 Bh6 17. Rg2 f4 18. Nf3 Qe4 19. Qd3 Re8 20. Qxe4 dxe4
21. Ng5 e5 22. Nf7 f3 23. Rg4 Bf4 24. e3 Bxh2 25. Kd2 exd4 26. cxd4 Bd6 27.
Nxd6+ cxd6 28. a3 Na5 29. Rc1+ Kb8 30. Rc3 d5 31. Rg5 Rd8 32. b3 b6 33. Ke1 Rd7
34. Kf1 Kb7 35. Kg1 Nc6 36. b4 Nd8 37. Rg8 Ne6 38. Rcc8 Nc7 39. Rcd8 Rf7 40. a4
Re7 41. Kh2 Rf7 42. Kh3 Re7 43. Kg4 Rf7 44. Kh5 Re7 45. Kh6 a6 46. Rh8 Re6+ 47.
Kxh7 Rc6 48. Rb8+ Ka7 49. Rbc8 Kb7 50. Rb8+ Ka7 51. a5 bxa5 52. bxa5 Rc2 53.
Rb6 Na8 54. Rb3 Nc7 55. Rb6 Na8 56. Rb3 Nc7 57. Rc8 Rc6 58. Kg8 Rc4 59. Kf7 Nb5
60. Rxc4 dxc4 61. Rb4 c3 62. Ke6 c2 63. Rc4 Nxd4+ 64. exd4 e3 1-0

[Event "ENCI Limburg-open A"]
[Site "Maastricht"]
[Date "2010.05.22"]
[Round "3"]
[White "Verstraeten, Reinaert"]
[Black "Samraoui, Mekki"]
[Result "1/2-1/2"]
[WhiteElo "2007"]
[BlackElo "2126"]
[PlyCount "64"]
[EventDate "2010.05.21"]
[EventType "swiss"]
[EventRounds "7"]
[EventCountry "NED"]
[Source "P.Boonen"]
[SourceDate "2010.10.01"]

1. e4 e6 2. Nc3 d5 3. Nf3 Nf6 4. e5 Nfd7 5. d4 c5 6. Bf4 Nc6 7. dxc5 Bxc5 8.
Bd3 f6 9. exf6 Qxf6 10. Bg5 Qf7 11. O-O O-O 12. Bh4 h6 13. Bg3 Nb4 14. Qe2 Nxd3
15. cxd3 Nf6 16. Nb5 Bd7 17. Ne5 Qe7 18. Nc7 Rac8 19. Nxd7 Qxd7 20. Qxe6+ Qxe6
21. Nxe6 Rfe8 22. Nxc5 Rxc5 23. Be5 Rc2 24. Bc3 Nd7 25. Rac1 Ree2 26. Rxc2 Rxc2
27. Rd1 Nc5 28. Kf1 Na4 29. Rd2 Rc1+ 30. Ke2 Nxc3+ 31. bxc3 Rxc3 32. Ke3 Ra3
1/2-1/2

[Event "ENCI Limburg-open A"]
[Site "Maastricht"]
[Date "2010.05.22"]
[Round "3"]
[White "Vrancken, Gilbert"]
[Black "Dalemans, Diana"]
[Result "1-0"]
[WhiteElo "2165"]
[BlackElo "1906"]
[PlyCount "95"]
[EventDate "2010.05.21"]
[EventType "swiss"]
[EventRounds "7"]
[EventCountry "NED"]
[Source "P.Boonen"]
[SourceDate "2010.10.01"]

1. d4 Nf6 2. Bg5 e6 3. Nf3 Be7 4. Nbd2 d5 5. e3 O-O 6. Bd3 c5 7. c3 Nc6 8. O-O
c4 9. Bc2 b5 10. Ne5 Bb7 11. f4 Nxe5 12. fxe5 Nd7 13. Bxe7 Qxe7 14. Qh5 g6 15.
Qh6 f6 16. Qh4 Qg7 17. exf6 Nxf6 18. Nf3 Rae8 19. a4 a6 20. axb5 axb5 21. Ra7
Re7 22. Ne5 Ne8 23. Rxf8+ Kxf8 24. Ra1 Nd6 25. Rf1+ Kg8 26. g4 g5 27. Qg3 Re8
28. Rf3 Rf8 29. Kg2 Bc8 30. Rxf8+ Qxf8 31. Nf3 Nf7 32. Qc7 Qe8 33. Ne5 Nxe5 34.
Qxh7+ Kf8 35. Qh8+ Ke7 36. Qxe5 Qg8 37. Qb8 Qe8 38. Kg3 Qh8 39. Kg2 Qe8 40. Qe5
Qg8 41. Kg3 Bd7 42. h4 gxh4+ 43. Kxh4 Qf8 44. Qg5+ Qf6 45. Qxf6+ Kxf6 46. g5+
Kg7 47. Kh5 Be8+ 48. g6 1-0

[Event "ENCI Limburg-open A"]
[Site "Maastricht"]
[Date "2010.05.22"]
[Round "3"]
[White "Wislez, Francis"]
[Black "Simenon, Jozef"]
[Result "1/2-1/2"]
[WhiteElo "2040"]
[BlackElo "2235"]
[PlyCount "114"]
[EventDate "2010.05.21"]
[EventType "swiss"]
[EventRounds "7"]
[EventCountry "NED"]
[Source "P.Boonen"]
[SourceDate "2010.10.01"]

1. d4 Nf6 2. Nf3 g6 3. c4 c5 4. d5 Bg7 5. Nc3 d6 6. h3 O-O 7. e4 Nbd7 8. Be2 a6
9. O-O Rb8 10. a4 b6 11. Bf4 Ne8 12. Qd2 Nc7 13. Bh6 f6 14. Bxg7 Kxg7 15. Nh2
Ne5 16. f4 Nf7 17. Rf2 Bd7 18. Bg4 b5 19. Bxd7 Qxd7 20. cxb5 axb5 21. axb5 Nxb5
22. Nxb5 Rxb5 23. Ng4 Rfb8 24. Qc1 Rb4 25. e5 dxe5 26. fxe5 Qxd5 27. exf6+ exf6
28. Nxf6 Qd4 29. Rb1 Ne5 30. Ng4 Nxg4 31. hxg4 Rf8 32. Qd2 Rxf2 33. Qxf2 Qxf2+
34. Kxf2 c4 35. g5 Rb3 36. Rc1 Rxb2+ 37. Kf3 Rb5 38. Ke3 Rb3+ 39. Kd4 Rg3 40.
Rc2 Rxg5 41. Kxc4 Re5 42. Kd4 Re7 43. Kd3 Kh6 44. Rc5 Re1 45. Ra5 Rg1 46. Ra2
Kg5 47. Ke3 Rf1 48. Ra4 h5 49. g3 Rf6 50. Rb4 Kh6 51. Rb8 g5 52. Rh8+ Kg6 53.
Rg8+ Kf5 54. Kf3 Rf7 55. g4+ hxg4+ 56. Kg3 Rf6 57. Ra8 Rb6 1/2-1/2

[Event "ENCI Limburg-open A"]
[Site "Maastricht"]
[Date "2010.05.22"]
[Round "3"]
[White "Woestenburg, Jochem"]
[Black "Henzen, Arno"]
[Result "0-1"]
[WhiteElo "2019"]
[BlackElo "2186"]
[PlyCount "102"]
[EventDate "2010.05.21"]
[EventType "swiss"]
[EventRounds "7"]
[EventCountry "NED"]
[Source "P.Boonen"]
[SourceDate "2010.10.01"]

1. e4 d5 2. exd5 Qxd5 3. Nc3 Qa5 4. d4 Nf6 5. Bc4 Bg4 6. Nge2 e6 7. h3 Bh5 8.
g4 Bg6 9. Nf4 Nbd7 10. Qe2 O-O-O 11. Bd2 Qb6 12. g5 Ne8 13. O-O-O Nd6 14. Bb3
c6 15. Na4 Qc7 16. h4 Bf5 17. Be3 Ne4 18. Rhg1 b5 19. Nc3 Nxc3 20. bxc3 Qa5 21.
Bd2 Nb6 22. Qf3 Nd5 23. Kb1 Qb6 24. Ka1 Bd6 25. Ne2 Rd7 26. Ng3 g6 27. Ne4 Be7
28. Rg3 Rhd8 29. Rb1 Rb7 30. Qe2 Kb8 31. Rgg1 Ka8 32. f3 Qc7 33. Qe1 Rc8 34.
Qg3 Qxg3 35. Rxg3 Nb6 36. Bf4 Rd7 37. Kb2 a5 38. a3 c5 39. dxc5 Bxc5 40. Nxc5
Rxc5 41. Rgg1 Nc4+ 42. Ka2 Ne5 43. Bxe5 Rxe5 44. a4 Rc7 45. Rgd1 Rec5 46. axb5
Rxb5 47. Rd8+ Ka7 48. Rbd1 Rxc3 49. Rf8 Rc7 50. c4 Rb4 51. Ka3 Rcb7 0-1

[Event "ENCI Limburg-open A"]
[Site "Maastricht"]
[Date "2010.07.22"]
[Round "3"]
[White "Von Meijenfeldt, Bart"]
[Black "Haast, Anne"]
[Result "0-1"]
[WhiteElo "2044"]
[BlackElo "2220"]
[PlyCount "132"]
[EventDate "2010.05.21"]
[EventType "swiss"]
[EventRounds "7"]
[EventCountry "NED"]
[Source "P.Boonen"]
[SourceDate "2010.10.01"]

1. e4 e5 2. Nf3 Nc6 3. Bb5 Nge7 4. O-O g6 5. c3 a6 6. Ba4 Bg7 7. d4 exd4 8.
cxd4 b5 9. Bb3 O-O 10. Nc3 d6 11. h3 Na5 12. Bc2 c5 13. Nd5 Nxd5 14. exd5 Bb7
15. Bg5 f6 16. Be3 Rc8 17. dxc5 dxc5 18. d6 Kh8 19. Bf4 Qd7 20. Nh4 f5 21. Nf3
Nc6 22. Qd2 Nd4 23. Nxd4 Bxd4 24. Bb3 Rfe8 25. Kh1 Bf6 26. Rae1 c4 27. Bd1 Be4
28. Re3 g5 29. Bh2 Rcd8 30. Rfe1 Qc6 31. f3 Bd3 32. Rxe8+ Rxe8 33. h4 h6 34.
hxg5 hxg5 35. Qf2 f4 36. g3 Rxe1+ 37. Qxe1 Qxd6 38. Qg1 Bf5 39. Be2 Qd4 40.
gxf4 Qxg1+ 41. Kxg1 gxf4 42. Bxf4 Bxb2 43. Bd6 Kh7 44. Kf1 Bc3 45. Bf4 Kg6 46.
Be3 Bb1 47. a3 Kf5 48. Bh6 a5 49. Be3 Ke5 50. Bb6 Bd2 51. a4 bxa4 52. Bxc4 a3
53. Ke2 Bc3 54. Kd1 a2 55. Bxa2 Bxa2 56. Kc2 Bb4 57. Bc7+ Kd5 58. f4 Ke4 59.
Be5 a4 60. Kb2 Be6 61. Bc3 Bc5 62. Be5 Kd3 63. Kc1 Kc4 64. Kb2 a3+ 65. Kc2 Bf5+
66. Kc1 Bd4 0-1

[Event "ENCI Limburg-open A"]
[Site "Maastricht"]
[Date "2010.05.23"]
[Round "4"]
[White "Baekelant, Eva"]
[Black "Nijs, Nils"]
[Result "1/2-1/2"]
[WhiteElo "2016"]
[BlackElo "2250"]
[PlyCount "80"]
[EventDate "2010.05.21"]
[EventType "swiss"]
[EventRounds "7"]
[EventCountry "NED"]
[Source "P.Boonen"]
[SourceDate "2010.10.01"]

1. d4 d5 2. c4 c6 3. Nf3 Nf6 4. e3 Bf5 5. Qb3 Qc7 6. cxd5 cxd5 7. Bd2 e6 8.
Bb5+ Nc6 9. Bb4 Bd6 10. Qa3 Ne4 11. Nbd2 O-O 12. Bxc6 Bxb4 13. Qxb4 Qxc6 14.
O-O Nxd2 15. Nxd2 Rfc8 16. Nb3 b6 17. Rfc1 Qd7 18. h3 h6 19. Rxc8+ Rxc8 20. Rc1
Rxc1+ 21. Nxc1 Qc6 22. Qd2 Kf8 23. a3 Qc4 24. f3 Ke8 25. Kf2 Qc7 26. Ne2 Kd7
27. Qc3 Qh2 28. Kf1 g5 29. Qb3 Qc7 30. Qc3 Qd6 31. Kf2 Qh2 32. Kf1 h5 33. Qb3
Ke7 34. Qb4+ Ke8 35. Qa4+ Kf8 36. Qxa7 Bd3 37. Qxb6 Bxe2+ 38. Kxe2 Qxg2+ 39.
Kd3 Qf1+ 40. Kd2 Qf2+ 1/2-1/2

[Event "ENCI Limburg-open A"]
[Site "Maastricht"]
[Date "2010.05.23"]
[Round "4"]
[White "Bezemer, Arno"]
[Black "Schroer, Marcel"]
[Result "1/2-1/2"]
[WhiteElo "2343"]
[BlackElo "2105"]
[PlyCount "115"]
[EventDate "2010.05.21"]
[EventType "swiss"]
[EventRounds "7"]
[EventCountry "NED"]
[Source "P.Boonen"]
[SourceDate "2010.10.01"]

1. e4 c6 2. d4 d5 3. exd5 cxd5 4. c4 Nf6 5. Nc3 g6 6. Qb3 Bg7 7. cxd5 O-O 8.
Nge2 Na6 9. g3 b6 10. Bg2 Bb7 11. O-O Qd7 12. Nf4 Rfe8 13. Nd3 Qf5 14. Ne5 Ng4
15. Nxg4 Qxg4 16. Be3 Nc7 17. Bf4 Qd7 18. Rad1 Rad8 19. d6 Bxg2 20. Kxg2 exd6
21. d5 Na6 22. Rfe1 Nc5 23. Qc4 a5 24. b3 Qf5 25. Rxe8+ Rxe8 26. Nb5 Re4 27.
Qc1 Be5 28. Nxd6 Bxd6 29. Bxd6 Re2 30. Bxc5 Qe4+ 31. Kg1 bxc5 32. Qxc5 Re1+ 33.
Rxe1 Qxe1+ 34. Kg2 Qe4+ 35. f3 Qe2+ 36. Qf2 Qd3 37. Qc5 Qe2+ 38. Qf2 Qd3 39.
Qb2 Qxd5 40. a3 Qd3 41. a4 h5 42. Kf2 Qd1 43. h4 Qd5 44. b4 Qb7 45. b5 Qb6+ 46.
Kg2 Kh7 47. Qc3 Kg8 48. Qc8+ Kh7 49. Qc3 Qe6 50. Kg1 Qe2 51. b6 Qd1+ 52. Kf2
Qxa4 53. Qb2 Qe8 54. b7 Qb8 55. Qb6 a4 56. Qa6 a3 57. Qa8 Qd6 58. b8=Q 1/2-1/2